Statistics for Top 100 NHL players heading into the '17-'18 season

Click here to take the quiz!

General Stats

  • This quiz has been taken 915 times
  • The average score is 60 of 100

Answer Stats

#36PositionPlayerTeam% Correct
1CSidney CrosbyPittsburgh Penguins
99%
2CConnor McDavidEdmonton Oilers
98%
5GCarey PriceMontreal Canadiens
95%
4DErik KarlssonOttawa Senators
93%
3DBrent BurnsSJ Sharks
92%
9RW/CEvgeni MalkinPittsburgh Penguins
92%
31LWAlex OvechkinWashington Capitals
90%
22LWPatrick KaneChicago Blackhawks
89%
13CJohn TavaresNew York Islanders
88%
20LWJamie BennDallas Stars
86%
48DPK SubbanNashville Predators
86%
8DVictor HedmanTampa Bay Lightning
86%
14GBraden HoltbyWashington Capitals
85%
6LWBrad MarchandBoston Bruins
85%
15DKris LetangPittsburgh Penguins
85%
10GMatt MurrayPittsburgh Penguins
85%
21CTyler SeguinDallas Stars
84%
38CAuston MatthewsToronto Maple Leafs
83%
7GSergei BobrovskyColumbus Blue Jackets
83%
11CNicklas BackstromWashington Capitals
82%
42CSteven StamkosTampa Bay Lightning
82%
12DRoman JosiNashville Predators
81%
29DShea WeberMontreal Canadiens
80%
53CJonathan ToewsChicago Blackhawks
79%
25RWNikita KucherovTampa Bay Lightning
79%
72CRyan GetzlafAnaheim Ducks
78%
18RWVladimir TarasenkoSt Louis Blues
78%
26DDuncan KeithChicago Blackhawks
77%
33RWPatrik LaineWinnipeg Jets
77%
43GTuukka RaskBoston Bruins
77%
64CPatrice BergeronBoston Bruins
76%
16RWFilip ForsbergNashville Predators
74%
34DDrew DoughtyLA Kings
73%
41CJack EichelBuffalo Sabres
73%
88RWCorey PerryAnaheim Ducks
71%
35LWJohnny GaudreauCalgary Flames
71%
45CAleksander BarkovFlorida Panthers
70%
58RWMitch MarnerToronto Maple Leafs
69%
65RWBlake WheelerWinnipeg Jets
68%
36CJoe ThorntonSJ Sharks
68%
66GHenrik LundqvistNew York Rangers
67%
46RWPhil KesselPittsburgh Penguins
67%
37DSeth JonesColumbus Blue Jackets
67%
39RWDavid PastrnakBoston Bruins
66%
19GDevan DubnykMinnesota Wild
66%
40RWJoe PavelskiSJ Sharks
66%
59C/RWNathan MackinnonColorado Avalanche
65%
73CAnze KopitarLA Kings
64%
23LWEvgeny KuznetsovWashington Capitals
63%
92LWTaylor HallNJ Devils
63%
60RWTJ OshieWashington Capitals
59%
30CLeon DraisaitlEdmonton Oilers
58%
56DRyan SuterMinnesota Wild
58%
52LWArtemi PanarinColumbus Blue Jackets
56%
62LW/CHenrik ZetterbergDetroit Red Wings
55%
27CMark ScheifeleWinnipeg Jets
55%
63DOliver Ekman-LarssonArizona Coyotes
55%
70DAlex PietrangeloSt Louis Blues
54%
61LWMax PaciorettyMontreal Canadiens
54%
86DRyan EllisNashville Predators
53%
32CRyan JohansenNashville Predators
53%
77RWWilliam NylanderToronto Maple Leafs
53%
83DMark GiordanoCalgary Flames
52%
44RWAlexander RadulovDallas Stars
51%
90LWJonathan HuberdeauFlorida Panthers
50%
76CSean MonahanCalgary Flames
50%
74RWJakub VoracekPhiladelphia Flyers
48%
17DMattias EkholmNashville Predators
47%
75CTyler JohnsonTampa Bay Lightning
47%
91DMorgan RiellyToronto Maple Leafs
45%
93DCam FowlerAnaheim Ducks
44%
67DZach WerenskiColumbus Blue Jackets
44%
69DMarc-Edouard VlasicSJ Sharks
43%
28CRyan KeslerAnaheim Ducks
43%
47DRyan McDonaghNew York Rangers
42%
98CBo HorvatVancouver Canucks
41%
54DHampus LindholmAnaheim Ducks
41%
99LWAnders LeeNew York Islanders
40%
51DRasmus RistolainenBuffalo Sabres
40%
85DDougie HamiltonCalgary Flames
39%
78RWCam AtkinsonColumbus Blue Jackets
38%
88LWJake GuentzelPittsburgh Penguins
38%
95LWOndrej PalatTampa Bay Lightning
35%
55LW/RWViktor ArvidssonNashville Predators
35%
50LWJonathan DrouinMontreal Canadiens
34%
96C/RWJonathan MarchessaultLas Vegas Golden Knights
34%
49CMikael GranlundMinnesota Wild
34%
81LWJeff SkinnerCarolina Hurricanes
33%
87LWWayne SimmondsPhiladelphia Flyers
33%
24DJustin SchultzPittsburgh Penguins
31%
80DJacob TroubaWinnipeg Jets
30%
68CKyle TurrisOttawa Senators
30%
97LWMike HoffmanOttawa Senators
30%
82DColton ParaykoSt Louis Blues
28%
57DJaccob SlavinCarolina Hurricanes
28%
84DJared SpurgeonMinnesota Wild
23%
71CVincent TrocheckFlorida Panthers
22%
79DSami VatanenAnaheim Ducks
21%
94DBrady SkjeiNew York Rangers
14%
100CAndreas AthanasiouDetroit Red Wings
10%

Score Distribution

Percentile by Number Answered

Percent of People with Each Score

Your Score History

You have not taken this quiz